000
00336nam a22001577a 4500
003
SGT
020
_a
9789389309416
082
_a
618.92
_b
N21D
100
_a
DAMS
245
_a
NEXT GENERATION CONCEPT BOOK PAEDIATRICS
250
_a
1ST
260
_a
INDIA
_b
DAMS
_c
2021
300
_a
306
650
_a
PAEDIATRICS
942
_2
ddc
_c
BK
999
_c
26837
_d
26837